000 00683nam a2200277Ia 4500
005 20260324134303.0
008 008 260324s9999 xx 000 0 eng d
020 _a9781315256467
037 _aEBOOK
040 _aCRL
040 _beng
040 _cCRL
041 _2eng
041 _aeng
084 _qCRL
100 _aIfor W. Rowlands; Björn K.U. Weiler
_91196257
245 0 _aEngland and Europe in the Reign of Henry III (1216–1272)
260 _bTaylor and Francis
260 _c2002
365 _a
365 _b255
856 _uhttp://www.taylorfrancis.com/books/9781315256467
942 _cEBOOK
999 _c1796179
_d1796179